| 000 | 00925nam a2200241Ia 4500 | ||
|---|---|---|---|
| 003 | GCL | ||
| 008 | 140319s9999 xx 000 0 ara d | ||
| 040 |
_aGCL / _cGCL |
||
| 082 | 0 | 4 |
_a819 _bج ر |
| 100 | 1 | _aعلى ابوملحم (تقديم وتعليق) | |
| 245 | 1 | 0 |
_aرسائل الجاحظ,الرسائل السياسية,الرسائل الكلامية,الرسائل الادبية / _cعلى ابوملحم (تقديم وتعليق) |
| 700 | 1 | _aالجاحظ : ابوعثمان عمرو بن بحر محبوب | |
| 250 | _aالثانية | ||
| 260 |
_aبيروت : _bدار مكتبة الهلال للطباعة والنشر ، _c1964 |
||
| 300 |
_a519 ص ؛ _c25 سم |
||
| 490 | _a | ||
| 650 | 0 | 4 | _aالشعر العربى |
| 650 | 0 | 4 | _aالادب العربى |
| 650 | 0 | 4 | _aالرسائل العربية |
| 650 | 0 | 4 | _aالرسائل فى الادب |
| 650 | 0 | 4 | _aالمجموعات |
| 942 |
_2ddc _cBK |
||
| 999 |
_c58790 _d58790 |
||